Les 20 équipes de Ligue 1 avec le plus de buts all time - Statistiques

Statistiques générales
  • Ce quiz a été pris 476 fois
  • Le résultat moyen est 17 sur 20
Statistiques - réponses
Hint Nb Buts Club % Correct
1 4202 Olympique de Marseille
100%
12 3007 Paris Saint Germain
100%
4 3598 Olympique Lyonnais
99%
7 3257 LOSC Lille
97%
2 3860 AS Saint-Etienne
96%
3 3757 Girondins de Bordeaux
96%
5 3592 AS Monaco
94%
8 3232 OGC Nice
94%
14 2822 FC Nantes
93%
9 3218 Stade Rennais
93%
10 3143 RC Lens
90%
11 3082 RC Strasbourg
88%
18 1898 Montpellier HSC
83%
15 2270 Stade de Reims
83%
19 1556 AJ Auxerre
76%
13 2881 FC Metz
75%
6 3386 FC Sochaux
70%
20 1542 SC Bastia
59%
17 1905 Nîmes Olympiques
50%
16 1920 Racing CF
14%
Aucun quiz correspondant
Distribution des résultats
% des personnes avec chaque résultat
Percentile par nombre de réponses
Votre historique - résultats
Vous n’avez pas pris ce quiz